| 000 | 00540nam a22001577a 4500 | ||
|---|---|---|---|
| 003 | BD-ChCU | ||
| 005 | 20260111095124.0 | ||
| 008 | 260111b bg ||||| |||| 00| 0 ben d | ||
| 040 | _cBD-ChCU | ||
| 082 | _a৮১৩.০১৮ রুশ ৬ বি | ||
| 245 |
_a বিয়োগ বাবা / _cআবু রুশ্দ্ |
||
| 260 |
_aঢাকা : _b বাড পাবলিকেশন্স _c ১৯৯৬ |
||
| 300 | _a১৪৭পৃ. | ||
| 650 | 0 |
_a বাংলা ছোটগল্প। _918870 |
|
| 942 |
_2ddc _cBK _n0 |
||
| 999 |
_c110841 _d110841 |
||